[Event "POR-ch U14"]
[Site "Torres Vedras"]
[Date "2012.03.29"]
[Round "7.4"]
[White "Bastos, Joao Pereira"]
[Black "Cavadas, Francisco Manuel Si"]
[Result "0-1"]
[WhiteElo "1363"]
[BlackElo "1621"]
[PlyCount "100"]
[EventDate "2012.03.24"]
[EventType "swiss"]
[EventRounds "7"]
[EventCountry "POR"]
[SourceTitle "EXT 2015"]
[Source "ChessBase"]
[SourceDate "2014.11.20"]
[SourceVersion "1"]
[SourceVersionDate "2014.11.20"]
[SourceQuality "1"]

1. e4 c5 2. Nf3 g6 3. Nc3 Bg7 4. d3 Nc6 5. Be2 Nf6 6. 0-0 0-0 7. h3 d6 8. Be3 Bd7 9. Qd2 Re8 10. Nh2 Qa5 11. Bg5 Nd4 12. Rfd1 Nxe2+ 13. Qxe2 h6 14. Bxf6 Bxf6 15. Nd5 Bg7 16. Qd2 Qxd2 17. Rxd2 Rac8 18. Rb1 Be6 19. Nc3 a6 20. f4 b5 21. g4 f5 22. exf5 gxf5 23. Re2 Kf7 24. a3 fxg4 25. hxg4 Bd4+ 26. Kg2 b4 27. axb4 cxb4 28. Ne4 Rg8 29. Kh3 h5 30. Ng5+ Rxg5 31. fxg5 hxg4+ 32. Kg2 Be5 33. Rbe1 Bd5+ 34. Kf1 g3 35. Ng4 g2+ 36. Kg1 Bd4+ 37. Ne3 Rh8 38. Rf2+ Kg6 39. Nxd5 Rh1+ 40. Kxg2 Rxe1 41. Rf4 Bxb2 42. Nxb4 Kxg5 43. Rf2 a5 44. Nc6 a4 45. Nb4 a3 46. c4 Re3 47. Rf7 Kg6 48. Rf3 Rxf3 49. Kxf3 Kf5 50. Ke3 Ke5 0-1

[Event "POR-ch U14"]
[Site "Torres Vedras"]
[Date "2012.03.27"]
[Round "4.3"]
[White "Silva, Goncalo Nuno Neto"]
[Black "Bastos, Joao Pereira"]
[Result "1-0"]
[WhiteElo "1786"]
[BlackElo "1363"]
[PlyCount "63"]
[EventDate "2012.03.24"]
[EventType "swiss"]
[EventRounds "7"]
[EventCountry "POR"]
[SourceTitle "EXT 2015"]
[Source "ChessBase"]
[SourceDate "2014.11.20"]
[SourceVersion "1"]
[SourceVersionDate "2014.11.20"]
[SourceQuality "1"]

1. Nf3 c6 2. g3 d5 3. d4 Bf5 4. Bg2 Nf6 5. 0-0 e6 6. c4 Bxb1 7. Rxb1 Nbd7 8. c5 Be7 9. b4 a6 10. Qc2 Ne4 11. Nd2 Nxd2 12. Bxd2 0-0 13. Rfc1 Nf6 14. a4 Qd7 15. Rb2 Rfd8 16. Rcb1 Ne4 17. Bxe4 dxe4 18. e3 f5 19. b5 axb5 20. axb5 cxb5 21. Rxb5 Ra1 22. Qb3 Rxb1+ 23. Qxb1 Qd5 24. Ba5 Rd7 25. Bb6 Qc6 26. Qb3 Kf7 27. Ba5 Qa6 28. Bc3 Bd8 29. h3 Bf6 30. Rb6 Qa7 31. Qxe6+ Kg6 32. Qxd7 1-0